Statistics for California Valleys Map Quiz

Click here to take the quiz!

General Stats

  • This quiz has been taken 47 times
  • The average score is 10 of 19

Answers on the Map

Answers color-coded by a green-red scale on the quiz's map according to % correct below.
 

Answer Stats

Answer% Correct
Napa Valley
84%
Santa Clara/Silicon Valley
72%
Yosemite Valley
69%
Imperial Valley
66%
Shasta Valley
66%
Central Valley
63%
Death Valley
63%
Sacramento Valley
63%
Salinas Valley
59%
Palo Verde/Lower Colorado Valley
56%
San Joaquin Valley
53%
Coachella Valley
50%
San Bernardino Valley
50%
Moreno Valley
47%
San Fernando Valley
47%
Antelope Valley
44%
Santa Ynez Valley
38%
Owens Valley
28%
Long Valley
19%

Score Distribution

Percentile by Number Answered

Percent of People with Each Score

Your Score History

You have not taken this quiz